الكاتب المصري : (Record no. 5446)
[ view plain ]
| 000 -فاتح التسجيلة | |
|---|---|
| الفاتح | 01310nas a22002895a 4500 |
| 005 - تاريخ/وقت أخر معالجة | |
| حقول الضبط | 20170916114012.0 |
| 008 - عناصر البيانات ثابتة الطول | |
| حقول الضبط | 170916d19451948ua mr per 000 f0ara d |
| 040 ## - مصدر الفهرسة | |
| مصدر الفهرسة الأصلية | EG-ScBUE |
| رمز لغة الفهرسة | ara |
| هيئة النسخ | EG-ScBUE |
| 082 04 - رقم تصنيف ديوي العشري | |
| رقم تصنيف ديوي | 892.7405 |
| رقم المادة | ك ا ت |
| اصدار خطة التصنيف | 22 |
| 245 02 - العنوان | |
| العنوان الفعلي | الكاتب المصري : |
| بيانات أخرى للعنوان | مجلة أدبية شهرية تصدرها دار الكاتب المصري. |
| 260 ## - بيانات النشر | |
| مكان النشر | القاهرة : |
| الناشر | دار الكاتب المصري، |
| التاريخ | 1948-1945. |
| 300 ## - الوصف المادي | |
| التعداد | 8 مج. : |
| بيانات مادية أخرى | إيض. ؛ |
| اﻷبعاد | 24 سم. |
| 310 ## - تتابع الصدور الحالي | |
| تتابع الصدور الحالي | شهرية، |
| تاريخ تتابع الصدور الحالي | 1948-1945 |
| 321 ## - تتابع الصدور السابق | |
| تتابع الصدور السابق | منتظمة، |
| تواريخ تتابع الصدور السابق | 1948-1945 |
| 362 0# - تواريخ النشر / التسمية التسلسلية | |
| تواريخ النشر / التسمية التسلسلية | مج. 1، ع. 1 (أكتوبر 1945) - مج. 8، ع. 32 (مايو 1948) |
| 362 0# - تواريخ النشر / التسمية التسلسلية | |
| تواريخ النشر / التسمية التسلسلية | توقفت مع مج. 8، ع. 32 (مايو 1948) |
| 500 ## - تبصرة عامة | |
| تبصرة عامة | الوصف مأخوذة عن : مج. 1، ع. 1 (أكتوبر 1945). |
| 500 ## - تبصرة عامة | |
| تبصرة عامة | آخر عدد صدر : مج. 8، ع. 8 (مايو 1948) |
| 500 ## - تبصرة عامة | |
| تبصرة عامة | رئيس التحرير : دكتور طه حسين. |
| 500 ## - تبصرة عامة | |
| تبصرة عامة | تتكون مجلة الكاتب المصري من 8 مجلدات وكل مجلد يحتوي على 4 أعداد. |
| 650 #7 - رأس موضوع - مصطلح موضوعي | |
| الموضوع | الأدب العربي |
| تقسيم فرعي جغرافي | مصر |
| تقسيم فرعي شكلي | دوريات. |
| مصدر رؤوس الموضوعات | BUEsh |
| 651 ## - رأس موضوع - اسم جغرافي | |
| مصدر رؤوس الموضوعات | BUEsh |
| 653 ## - مصطلح تكشيفي غير مقيد | |
| Resource For college | Arabic Literature |
| Arrived date list | September2017 |
| 655 ## - مصطلح تكشيفي عام | |
| مصطلح تكشيفي عام | دوريات |
| 710 2# - مدخل اضافي - المؤلف اسم هيئة | |
| الاسم | دار الكاتب المصري (القاهرة) |
| 942 ## - مداخل إضافية خاصة بكوها | |
| نوع المادة | Book - Borrowing |
| رقم الطلب السابق | 810HUS |
| مصدر خطة التصنيف أو الترفيف | Dewey Decimal Classification |
| حالة اﻹلغاء | مادة مفقودة | مصدر خطة التصنيف أو الترفيف | حالة التلف | غير مسموح باﻹعارة | موقع غير دائم | الموقع الحالي | موقع الترفيف | تاريخ التزويد | إجمالي اﻹعارات | رقم الطلب بالكامل | رقم النسخة | آخر تاريخ للعرض | السعر فعال من تاريخ | نوع المادة في كوها | ملاحظة عامة |
|---|---|---|---|---|---|---|---|---|---|---|---|---|---|---|---|
| Dewey Decimal Classification | Central Library | Central Library | Second Floor | 16/09/2017 | 892.7405 ك ا ت | 000006895 | 24/08/2022 | 16/09/2017 | Periodical | Journal (NB) | مج. 1 (ع. 1 - ع. 4) | |||||
| Dewey Decimal Classification | Central Library | Central Library | Second Floor | 16/09/2017 | 892.7405 ك ا ت | 000008871 | 15/07/2025 | 16/09/2017 | Periodical | Journal (NB) | مج. 2 (ع. 5 - ع. 8) | |||||
| Dewey Decimal Classification | Central Library | Central Library | Second Floor | 16/09/2017 | 892.7405 ك ا ت | 000007609 | 15/07/2025 | 16/09/2017 | Periodical | Journal (NB) | مج. 3 (ع. 9 - ع. 12) | |||||
| Dewey Decimal Classification | Central Library | Central Library | Second Floor | 16/09/2017 | 892.7405 ك ا ت | 000007612 | 15/07/2025 | 16/09/2017 | Periodical | Journal (NB) | مج. 4 (ع. 13 - ع. 16) | |||||
| Dewey Decimal Classification | Central Library | Central Library | Second Floor | 16/09/2017 | 892.7405 ك ا ت | 000008870 | 15/07/2025 | 16/09/2017 | Periodical | Journal (NB) | مج. 5 (ع. 17 - ع. 20) | |||||
| Dewey Decimal Classification | Central Library | Central Library | Second Floor | 16/09/2017 | 892.7405 ك ا ت | 000008580 | 15/07/2025 | 16/09/2017 | Periodical | Journal (NB) | مج. 6 (ع. 21 - ع. 24) | |||||
| Dewey Decimal Classification | Central Library | Central Library | Second Floor | 16/09/2017 | 892.7405 ك ا ت | 000008579 | 15/07/2025 | 16/09/2017 | Periodical | Journal (NB) | مج. 7 (ع. 25 - ع. 28) | |||||
| Dewey Decimal Classification | Central Library | Central Library | Second Floor | 16/09/2017 | 892.7405 ك ا ت | 000008578 | 15/07/2025 | 16/09/2017 | Periodical | Journal (NB) | مج. 8 (ع. 29 - ع. 32) |